Statistics for This Is Why Lyrics

Click here to take the quiz!

General Stats

  • This quiz has been taken 5 times
  • The average score is 234 of 243

Answer Stats

HintAnswer% Correct
a
100%
an
100%
be
100%
best
100%
Verse 2Better
100%
but
100%
can
100%
catch
100%
'cause
100%
clear
100%
coast
100%
conviction
100%
could
100%
crimes
100%
don't
100%
either
100%
fittest
100%
have
100%
house
100%
I
100%
Verse 1If
100%
is
100%
it
100%
keep
100%
leave
100%
maybe
100%
me
100%
might
100%
no
100%
of
100%
oh
100%
opinion
100%
or
100%
out
100%
passion
100%
say
100%
scream
100%
should
100%
shove
100%
survival
100%
the
100%
this
100%
ChorusThis
100%
(to
100%
to
100%
Pre-ChorusTo
100%
us
100%
want
100%
we
100%
why
100%
with
100%
won't
100%
you
100%
your
100%
you're
100%
yourself
100%
yourself)
100%
and
75%
as
75%
been
75%
beyond
75%
cannonball
75%
door
75%
down
75%
endless
75%
fall
75%
falling
75%
floating
75%
free
75%
like
75%
one
75%
BridgeOne
75%
step
75%
well
75%
hall
50%
I'm
50%

Score Distribution

Percentile by Number Answered

Percent of People with Each Score

Your Score History

You have not taken this quiz